Arquitectura de sólidos y líquidos

Gespeichert in:
Bibliographische Detailangaben
1. Verfasser: Braun, Eliezer (VerfasserIn)
Format: Buch
Sprache:Spanisch
Veröffentlicht: Ciudad de México Secretaría de Educación Pública 1987
Schriftenreihe:La Ciencia Desde México, 26
Schlagworte:
Tags: Tag hinzufügen
Keine Tags, Fügen Sie den ersten Tag hinzu!

MARC

LEADER 00000nam a2200000 a 4500
001 UCW8490
003 CL-VaPUC
008 880914e19870000MX |||||||||||||||||spa|d
082 0 4 |a 539.1  |b BRA  |2 21 
100 0 |a Braun, Eliezer  |e author  |9 313668 
245 1 0 |a Arquitectura de sólidos y líquidos 
300 |a 92 p 
942 |c BK 
945 |d 19880914 00:00:00 
260 |a Ciudad de México  |b Secretaría de Educación Pública  |c 1987 
650 7 |a NEUTRONES  |2 CL-VaPUC  |9 313669 
650 0 |a Rayos X  |9 313670 
650 7 |a CONSTITUCION DE LA MATERIA  |2 CL-VaPUC  |9 266499 
583 |a last modification  |c 19880914 00:00:00  |k Rodrigo Vera 
490 0 |a La Ciencia Desde México, 26 
999 |c 220842  |d 220840